Mayor outlines new housing and waste targets to London Plan inquiry (Record no. 77248)

MARC details
000 -LEADER
fixed length control field 01124cab a2200205 4500
001 - CONTROL NUMBER
control field ##L133892
008 - FIXED-LENGTH DATA ELEMENTS--GENERAL INFORMATION
fixed length control field 060616n2006 000 0 eng u
035 ## - SYSTEM CONTROL NUMBER
System control number (Sirsi) u133892
041 0# - LANGUAGE CODE
Language code of text/sound track or separate title eng
110 1# - MAIN ENTRY--CORPORATE NAME
Corporate name or jurisdiction name as entry element London
Subordinate unit Greater London Authority
9 (RLIN) 3989
245 00 - TITLE STATEMENT
Title Mayor outlines new housing and waste targets to London Plan inquiry
260 ## - PUBLICATION, DISTRIBUTION, ETC.
Date of publication, distribution, etc. 2006
490 #0 - SERIES STATEMENT
Series statement GLA Press Release
Volume/sequential designation (308) 13 June 2006
520 ## - SUMMARY, ETC.
Summary, etc. The Mayor of London told a public inquiry that there is capacity for a further 30 650 new homes to be built in the capital each year, representing a 33% increase over the targets published in the London Plan. He also reported that the number, type and potential location of the new and enhanced recycling and waste processing facilities required to meet the target of London managing 85% of its waste by 2020 have now been identified.
590 ## - LOCAL NOTE (RLIN)
Local note IKA200606
651 #4 - SUBJECT ADDED ENTRY--GEOGRAPHIC NAME
Geographic name LONDON
690 ## - LOCAL SUBJECT ADDED ENTRY--TOPICAL TERM (OCLC, RLIN)
Topical term or geographic name as entry element ENVIRONMENTAL AND LAND CONSULTANCY-PLANNING AND DEVELOPMENT
856 41 - ELECTRONIC LOCATION AND ACCESS
Uniform Resource Identifier <a href="https://www.london.gov.uk/view_press_release.jsp?releaseid=8326">https://www.london.gov.uk/view_press_release.jsp?releaseid=8326</a>
Public note View the item free of charge at www.london.gov.uk...
942 ## - ADDED ENTRY ELEMENTS (KOHA)
Suppress in OPAC 0
Holdings
Withdrawn status Lost status Source of classification or shelving scheme Damaged status Not for loan Home library Current library Shelving location Date acquired Total Checkouts Full call number Barcode Date last seen Copy number Price effective from Koha item type
    Dewey Decimal Classification     Virtual Virtual Online 16/06/2006   ONLINE PUBLICATION 133892-1001 06/08/2019 1 06/08/2019 Journal article